00345 a2200121 4500001001000000005001700010008004100027245001700068100002800085700002800113773006500141999001700206ART_3060420260410161928.0260409a 10aSalud mental1 aLaufer Cabrera, Mariano1 aCapurro Robles, Facundo0 tDerechos humanosg- Año III, Nº 6/B (mayo 2015)wREV22278 c28328d28328